structuralismo y literatura /
Сохранить в:
| Главный автор: | |
|---|---|
| Формат: | Неизвестно |
| Язык: | Spanish |
| Опубликовано: |
Buenos Aires, Argentina :
Nueva Edición,
c1972.
|
| Предметы: | |
| Метки: |
Добавить метку
Нет меток, Требуется 1-ая метка записи!
|
MARC
| LEADER | 000000000a22000000004500 | ||
|---|---|---|---|
| 001 | 011883 | ||
| 041 | 0 | |a spa | |
| 082 | 0 | 4 | |a 808 |b E82e |
| 100 | 1 | |a Barthes, Roland, |d 1915-1980 | |
| 245 | 1 | 0 | |a structuralismo y literatura / |c Roland Barthes. |
| 260 | 1 | |a Buenos Aires, Argentina : |b Nueva Edición, |c c1972. | |
| 300 | |a 223 páginas ; |c 21 cm. | ||
| 500 | |a Material diponible en BCMA | ||
| 650 | 4 | |a ESTRUCTURALISMO | |
| 650 | 4 | |a LITERATURA | |
| 500 | |a Colección George Yúdice | ||
| 999 | |c 17907 |d 17907 | ||
| 942 | |c BK |h 808 E82e |2 z | ||
